| 000 | 00822nam a2200253Ia 4500 | ||
|---|---|---|---|
| 003 | GCL | ||
| 008 | 140319s9999 xx 000 0 ara d | ||
| 040 |
_aGCL / _cGCL |
||
| 082 | 0 | 4 |
_a322.42 _bا ك |
| 100 | 1 | _aابراهيم نافع عوض الله | |
| 245 | 1 | 0 |
_aكابوس الارهاب وسقوط الاقنعة / _cابراهيم نافع عوض الله |
| 260 |
_aالقاهرة : _bمركز الاهرام للترجمة والنشر ، _c1994 |
||
| 300 |
_a216 ص ؛ _c25 سم |
||
| 490 | _a | ||
| 650 | 0 | 4 | _aالعصر الحديث |
| 650 | 0 | 4 | _aمصر |
| 650 | 0 | 4 | _aتاريخ |
| 650 | 0 | 4 | _aالاغتيال |
| 650 | 0 | 4 | _aالاحوال السياسية |
| 650 | 0 | 4 | _aالارهاب |
| 650 | 0 | 4 | _aالجرائم السياسية |
| 650 | 0 | 4 | _aالاسلام والسياسة |
| 942 |
_2ddc _cBK |
||
| 999 |
_c27959 _d27959 |
||